• 首页
  • 本馆介绍
  • 公告通知
  • 最新文献
  • 馆藏检索
  • 电子资源
  • 读者导购
  • 参考咨询
  • 我的图书馆
  • 登录
  • 详细信息显示
  • 放入我的书架
  • 预约/预借图书
  • 作者相关作品
  • 分类相关作品
  • 丛书相关作品
  • 出版社相关作品

书目信息

  • 表格格式
  • 工作单格式
  • 卡片格式
题名:
民间文学:理论与方法
    
 
作者: 刘锡诚 著
分册:  
出版信息: 北京   中国文联出版社  2007
页数: 576页
开本: 21cm
丛书名: 中国文联晚霞文库
单 册:
中图分类: I057
科图分类:
主题词: 民间文学--文学研究--中国 , 民间文学 , 文学研究 , 文学理论--各体 , 创作方法--各体
电子资源:
ISBN: 978-7-5059-5550-9
000 00960oam2 2200289 450
001 1232066390
005 20121017085501.34
010    @a978-7-5059-5550-9@dCNY34.00
100    @a20070709d2007 em y0chiy50 ea
101 0  @achi
102    @aCN@b110000
105    @aa z 000yy
200 1  @a民间文学:理论与方法@Amin jian wen xue : li lun yu fang fa@f刘锡诚著
210    @a北京@c中国文联出版社@d2007
215    @a576页@c照片@d21cm
225 2  @a中国文联晚霞文库
330    @a本书收录了《论原始的诗歌与神话》、《神话昆仑与西王母原相》、《神话与象征》、《梁祝的嬗变与文化的传播》、《钟馗论》《中日金鸡传说象征的比较研究》等文章多篇。
461  0 @12001 @a中国文联晚霞文库
606 0  @a民间文学@x文学研究@y中国
606 0  @a民间文学
606 0  @a文学研究
606 0  @a文学理论@x各体
606 0  @a创作方法@x各体
690    @aI057@v4
701  0 @a刘锡诚@Aliu xi cheng@f(1935.2~)@4著
801  0 @aCN@bNLC@c20101222
905    @a10447@dI057@eJY121
    
    民间文学:理论与方法/刘锡诚著.-北京:中国文联出版社,2007
    576页:照片;21cm.-(中国文联晚霞文库)
    
    
    ISBN 978-7-5059-5550-9:CNY34.00
    本书收录了《论原始的诗歌与神话》、《神话昆仑与西王母原相》、《神话与象征》、《梁祝的嬗变与文化的传播》、《钟馗论》《中日金鸡传说象征的比较研究》等文章多篇。
●
相关链接 在E读中查询图书 在五车中查询图书 在当当中查询图书 在豆瓣中查询图书


正题名:民间文学:理论与方法     索取号:I057/JY121         预约/预借

序号 登录号 条形码 馆藏地/架位号 状态 备注
1 7803137   278031372   学院路分馆/ [索取号:I057/JY121] 在馆    
2 7803138   278031381   学院路分馆/ [索取号:I057/JY121] 在馆    
唐山师范学院图书馆 欢迎您!
大连网信软件有限公司© 版权所有